Shalmaleyinda Godavariyavarege. (Sahityaka pravasa prabanda). (Record no. 105270)

MARC details
000 -LEADER
fixed length control field 00736nam a2200205Ia 4500
003 - CONTROL NUMBER IDENTIFIER
control field OSt
005 - DATE AND TIME OF LATEST TRANSACTION
control field 20260608101905.0
008 - FIXED-LENGTH DATA ELEMENTS--GENERAL INFORMATION
fixed length control field 210210b1995 xxu||||| |||| 00| 0 eng d
040 ## - CATALOGING SOURCE
Transcribing agency AL
041 ## - LANGUAGE CODE
Language code of text/sound track or separate title Kannada
082 ## - DEWEY DECIMAL CLASSIFICATION NUMBER
Classification number 915.479204K KAPS
100 ## - MAIN ENTRY--PERSONAL NAME
Personal name KAPASE (G S).
Dates associated with a name ಕಪಾಸೆ (ಜಿ. ಎಸ್.)
9 (RLIN) 265495
245 ## - TITLE STATEMENT
Title Shalmaleyinda Godavariyavarege. (Sahityaka pravasa prabanda).
Remainder of title ಶಾಲ್ಮಲೆಯಿಂದ ಗೋದಾವರಿಯವರೆಗೆ. (ಸಾಹಿತ್ಯಕ ಪ್ರವಾಸ ಪ್ರಬಂಧ).
260 ## - PUBLICATION, DISTRIBUTION, ETC.
Place of publication, distribution, etc. Bengaluru.
Name of publisher, distributor, etc. Karnataka Sahitya Akademi.,
Date of publication, distribution, etc. 1995
300 ## - PHYSICAL DESCRIPTION
Extent viii,146
650 ## - SUBJECT ADDED ENTRY--TOPICAL TERM
Topical term or geographic name entry element Pravasa Maharashtra
9 (RLIN) 265496
690 ## - LOCAL SUBJECT ADDED ENTRY--TOPICAL TERM (OCLC, RLIN)
Topical term or geographic name as entry element Travel
9 (RLIN) 265497
906 ## - LOCAL DATA ELEMENT F, LDF (RLIN)
a 057795
942 ## - ADDED ENTRY ELEMENTS (KOHA)
Source of classification or shelving scheme Dewey Decimal Classification
Koha item type Book
Holdings
Withdrawn status Lost status Source of classification or shelving scheme Damaged status Not for loan Collection code Home library Current library Shelving location Date acquired Source of acquisition Cost, normal purchase price Total Checkouts Full call number Barcode Date last seen Price effective from Koha item type
    Dewey Decimal Classification     Others St Aloysius Library St Aloysius Library Secondary stack section 02/17/2021 Karnataka Sahitya Akademi. 20.00   915.479204K KAPS 057795 02/17/2021 02/17/2021 Book